|
|
|
|
| LEADER |
01416nam a2200277 a 4500 |
| 001 |
28593 |
| 003 |
BD-DhAAL |
| 008 |
141124s2005 xxka j 000 1 eng d |
| 020 |
|
|
|a 0747581088
|
| 040 |
|
|
|a DLC
|c DLC
|d DLC
|d BD-DhAAL
|
| 082 |
0 |
0 |
|a 813/.6
|2 22
|
| 100 |
1 |
|
|a Rowling, J. K.
|9 6136
|
| 245 |
1 |
0 |
|a Harry Potter and the Half-Blood Prince /
|c by J.K. Rowling.
|
| 260 |
|
|
|a London :
|b Bloomsbury,
|c c2005.
|
| 300 |
|
|
|a 607 p. :
|b ill. ;
|c 24 cm.
|
| 541 |
1 |
|
|e 28593
|
| 650 |
|
1 |
|a Wizards
|v Fiction.
|9 6137
|
| 650 |
|
1 |
|a Magic
|v Fiction.
|9 6138
|
| 650 |
|
1 |
|a Schools
|v Fiction.
|9 5727
|
| 651 |
|
1 |
|a England
|v Fiction.
|9 6147
|
| 942 |
|
|
|2 ddc
|c BK
|
| 999 |
|
|
|c 33107
|d 33107
|
| 952 |
|
|
|0 0
|1 4
|2 ddc
|4 0
|6 813_600000000000000_ROW
|7 0
|9 44188
|a BRACUL
|b BRACUL
|c GEN
|d 2014-11-24
|e BRAC Institute of Language (BIL)
|l 5
|m 7
|o 813.6 ROW
|p 3010028593
|r 2024-02-25
|s 2024-02-13
|t 1
|w 2014-11-24
|y BK
|x Transferred from BIL to BRACUL on 06/06/22
|
| 952 |
|
|
|0 0
|1 0
|2 ddc
|4 0
|6 813_600000000000000_ROW
|7 0
|9 54798
|a SCL
|b SCL
|c GEN
|d 2015-07-07
|g 300.00
|l 13
|m 69
|o 813.6 ROW
|p 3020006670
|r 2025-04-22
|s 2025-03-10
|t 2
|w 2015-07-07
|y BK
|
| 952 |
|
|
|0 0
|1 0
|2 ddc
|4 0
|6 813_000000000000000__6_ROW
|7 0
|9 59252
|a SCL
|b SCL
|c GEN
|d 2016-07-16
|g 350.00
|l 13
|m 44
|o 813.6 ROW
|p 3020008600
|r 2023-08-27
|s 2023-05-31
|t 3
|w 2016-07-16
|y BK
|
| 952 |
|
|
|0 0
|1 0
|2 ddc
|4 0
|6 813_000000000000000__6_ROW
|7 0
|9 59474
|a SCL
|b SCL
|c GEN
|d 2016-07-27
|g 350.00
|l 17
|m 45
|o 813.6 ROW
|p 3020008601
|r 2023-08-06
|s 2023-07-31
|t 4
|w 2016-07-27
|y BK
|